|
|
|
|
| LEADER |
00000nam0a2200000 4500 |
| 001 |
334328 |
| 005 |
20231102004638.0 |
| 035 |
|
|
|a (RuTPU)RU\TPU\book\360393
|
| 090 |
|
|
|a 334328
|
| 100 |
|
|
|a 20170720d1964 m y0rusy50 ca
|
| 101 |
1 |
|
|a ger
|a rus
|
| 102 |
|
|
|a RU
|
| 105 |
|
|
|a y j 000zy
|
| 200 |
1 |
|
|a Пособие по развитию навыков устной речи. Немецкий язык
|e пособие
|f Г. П. Петлеванный, Д. И. Девятов, В. В. Валло и др.
|
| 210 |
|
|
|a Харьков
|c Изд-во Харьковского ун-та
|d 1964
|
| 215 |
|
|
|a 34 с.
|
| 606 |
1 |
|
|a Немецкий язык
|x Для вузов
|x Пособия по развитию речи
|2 stltpush
|3 (RuTPU)RU\TPU\subj\45398
|9 64640
|
| 610 |
1 |
|
|a лексика
|
| 610 |
1 |
|
|a разговорная речь
|
| 610 |
1 |
|
|a разговорные темы
|
| 610 |
1 |
|
|a устная речь
|
| 610 |
1 |
|
|a упражнения
|
| 686 |
|
|
|a Ш143.24-923.4
|v LBC/SL-A
|2 rubbk
|
| 701 |
|
1 |
|a Петлеванный
|b Г. П.
|
| 701 |
|
1 |
|a Девятов
|b Д. И.
|
| 701 |
|
1 |
|a Валло
|b В. В.
|
| 701 |
|
1 |
|a Роенко
|b Л. И.
|
| 701 |
|
1 |
|a Самойленко
|b Л. И.
|
| 801 |
|
1 |
|a RU
|b 63413507
|c 20170720
|
| 801 |
|
2 |
|a RU
|b 63413507
|c 20201116
|g RCR
|
| 942 |
|
|
|c BK
|